Une vie comme les autres (Record no. 5073)

MARC details
000 -CABECERA
campo de control de longitud fija 03339nam a22002777a 4500
008 - DATOS DE LONGITUD FIJA--INFORMACIÓN GENERAL
campo de control de longitud fija 251021b |||||||| |||| 00| 0 eng d
020 ## - NÚMERO INTERNACIONAL ESTÁNDAR DEL LIBRO
Número Internacional Estándar del Libro 9782253100560
040 ## - FUENTE DE LA CATALOGACIÓN
Centro/agencia transcriptor tbs
041 ## - CÓDIGO DE LENGUA
Código de lengua del texto/banda sonora o título independiente fre
Código de lengua original eng
050 ## - SIGNATURA TOPOGRÁFICA DE LA BIBLIOTECA DEL CONGRESO
Número de clasificación PS3625.A674
Número de documento/Ítem L58 2022
100 ## - ENTRADA PRINCIPAL--NOMBRE DE PERSONA
Nombre de persona Yanagihara, Hanya
9 (RLIN) 24398
Término indicativo de función/relación author
240 ## - TÍTULO UNIFORME
Título uniforme A little life.
Lenguaje de la obra French.
245 ## - MENCIÓN DE TÍTULO
Título Une vie comme les autres
Mención de responsabilidad, etc. / Hanya Yanagihara ; translated by Emmanuelle Ertel.
260 ## - PUBLICACIÓN, DISTRIBUCIÓN, ETC.
Lugar de publicación, distribución, etc. Paris :
Nombre del editor, distribuidor, etc. Editions Libella,
Fecha de publicación, distribución, etc. 2018.
300 ## - DESCRIPCIÓN FÍSICA
Extensión 1123 pages ;
Dimensiones 18 cm.
520 ## - SUMARIO, ETC.
Sumario, etc. Une vie comme les autres de Hanya Yanagihara est un roman d’une puissance bouleversante, explorant l’amour fraternel et les limites de l’endurance humaine.<br/><br/>Quatre diplômés d’un petit collège du Massachusetts s’installent à New York pour y construire leur avenir. Ils sont fauchés, un peu perdus, portés seulement par leur amitié et leur ambition. Il y a Willem, gentil et séduisant, un acteur en devenir ; JB, un peintre brooklynois plein d’esprit mais parfois cruel, cherchant à percer dans le monde de l’art ; Malcolm, un architecte frustré travaillant dans un cabinet réputé ; et Jude, brillant, secret, énigmatique, véritable centre de gravité du groupe.<br/><br/>Au fil des décennies, leurs relations se renforcent et s’assombrissent, marquées par l’addiction, le succès et l’orgueil. Mais le plus grand défi qu’ils auront à affronter, chacun finira par le comprendre, c’est Jude lui-même : devenu à l’âge mûr un avocat d’un talent redoutable, il n’en reste pas moins un homme brisé, marqué à jamais par une enfance indicible. Son esprit et son corps portent les cicatrices d’un passé qu’il craint de ne jamais pouvoir surmonter — un traumatisme si profond qu’il risque de définir sa vie à jamais.<br/><br/>Faisant partie de la Picador Collection, cette œuvre monumentale illustre le meilleur de la littérature contemporaine.
520 ## - SUMARIO, ETC.
Sumario, etc. A little life by Hanya Yanagihara is an immensely powerful and heartbreaking novel of brotherly love and the limits of human endurance. When four graduates from a small Massachusetts college move to New York to make their way, they're broke, adrift, and buoyed only by their friendship and ambition. There is kind, handsome Willem, an aspiring actor; JB, a quick-witted, sometimes cruel Brooklyn-born painter seeking entry to the art world; Malcolm, a frustrated architect at a prominent firm; and withdrawn, brilliant, enigmatic Jude, who serves as their center of gravity. Over the decades, their relationships deepen and darken, tinged by addiction, success, and pride. Yet their greatest challenge, each comes to realize, is Jude himself, by midlife a terrifyingly talented litigator yet an increasingly broken man, his mind and body scarred by an unspeakable childhood, and haunted by what he fears is a degree of trauma that he'll not only be unable to overcome - but that will define his life for ever. Part of the Picador Collection, a new series showcasing the best of modern literature.
650 #0 - PUNTO DE ACCESO ADICIONAL DE MATERIA--TÉRMINO DE MATERIA
Término de materia o nombre geográfico como elemento de entrada Families
Subdivisión de forma Fiction
9 (RLIN) 22172
650 #0 - PUNTO DE ACCESO ADICIONAL DE MATERIA--TÉRMINO DE MATERIA
Término de materia o nombre geográfico como elemento de entrada Male friendship
Subdivisión de forma Fiction
9 (RLIN) 24399
650 #0 - PUNTO DE ACCESO ADICIONAL DE MATERIA--TÉRMINO DE MATERIA
Término de materia o nombre geográfico como elemento de entrada Gay men
Subdivisión de forma Fiction
9 (RLIN) 24400
651 #0 - PUNTO DE ACCESO ADICIONAL DE MATERIA--NOMBRE GEOGRÁFICO
Nombre geográfico New York (N.Y.)
Subdivisión de forma Fiction
9 (RLIN) 24052
655 #0 - TÉRMINO DE INDIZACIÓN--GÉNERO/FORMA
Datos o término principal de género/forma Pride fiction
9 (RLIN) 26245
655 #0 - TÉRMINO DE INDIZACIÓN--GÉNERO/FORMA
Datos o término principal de género/forma Domestic fiction
9 (RLIN) 23646
700 ## - ENTRADA AGREGADA--NOMBRE PERSONAL
Nombre de persona Ertel, Emmanuelle
9 (RLIN) 26244
Término indicativo de función/relación translator
942 ## - ELEMENTOS DE ENTRADA AGREGADA (KOHA)
Fuente del sistema de clasificación o colocación Clasificación de Library of Congress
Holdings
Estado de retiro Estado de pérdida Fuente del sistema de clasificación o colocación Estado dañado No para préstamo Biblioteca de origen Biblioteca actual Fecha de adquisición Total de préstamos Signatura topográfica completa Código de barras Fecha visto por última vez Número de copia Precio válido a partir de Tipo de ítem Koha
    Clasificación de Library of Congress     TBS Barcelona TBS Barcelona 21/10/2025   P-FR YAN B06048 21/10/2025 1 21/10/2025 Book

Powered by Koha